00395nam a2200109Ia 4500008004100000020001800041082001600059100003400075245010300109260006200212300001100274191014s9999 xx 000 0 und d a0-08-029140-6 a530.12bLAN aL.D. Landau and E.M. Lifshitz 0aQuantum Mechanics (Non-relativistic Theory) Course of Theoretical Physics Volime 3 (Third Edition) aIndiabReed Educational and Professional Publishingc1998 aXv,677